| 000 | 00627nam a22001577a 4500 | ||
|---|---|---|---|
| 999 |
_c535668 _d535668 |
||
| 020 | _qHard Cover. | ||
| 082 | _a620.011 | ||
| 100 | _aIjaz Husnain | ||
| 245 |
_aDevelopment of thin film photovoltaics based on CZTS absorber, hydrogen doped In2O3 window layers and modeling the economic viability of utility scale power production in Pakistan / _cIjaz Husnain. |
||
| 260 |
_aIslamabad : _bUSPCAS - NUSt, |
||
| 300 |
_axi, 100 p. : ill. ; _c30cm. |
||
| 942 |
_2ddc _cTHE |
||
| 650 |
_aEnergy Systems Engineering MS-Thesis _928880 |
||
| 700 |
_aDr. Zuhair S., Khan. _928871 |
||